<?xml version="1.0" encoding="UTF-8"?>
<collection xmlns="http://www.loc.gov/MARC21/slim">
 <record>
  <leader>05782nam a2200385 a 4500</leader>
  <controlfield tag="001">kal5826</controlfield>
  <controlfield tag="003">Gr-AtHEAL</controlfield>
  <controlfield tag="005">20160427183356.0</controlfield>
  <controlfield tag="006">m        d        </controlfield>
  <controlfield tag="008">160413s2015    gr      s           gre|c</controlfield>
  <datafield tag="020" ind1=" " ind2=" ">
   <subfield code="a">9789606034558</subfield>
  </datafield>
  <datafield tag="040" ind1=" " ind2=" ">
   <subfield code="a">GR-AtHEAL</subfield>
   <subfield code="b">gre</subfield>
   <subfield code="c">GR-AtHEAL</subfield>
  </datafield>
  <datafield tag="082" ind1="0" ind2="4">
   <subfield code="a">001.42</subfield>
   <subfield code="2">23</subfield>
  </datafield>
  <datafield tag="100" ind1="1" ind2=" ">
   <subfield code="a">Ίσαρη, Φιλία.</subfield>
   <subfield code="8">1728</subfield>
  </datafield>
  <datafield tag="245" ind1="1" ind2="0">
   <subfield code="a">Ποιοτική μεθοδολογία έρευνας</subfield>
   <subfield code="h">[Ηλεκτρονικός πόρος] </subfield>
   <subfield code="b">Εφαρμογές στην ψυχολογία και την εκπαίδευση</subfield>
   <subfield code="c">Ίσαρη, Φιλία ; Πουρκός, Μάριος ; Κριτικός αναγνώστης,Καλλινικάκη, Θεανώ ; Γραφιστική επιμέλεια,Μιχαλόπουλος, Αναστάσιος ; Γλωσσική επιμέλεια,Κιοσέογλου, Νερίνα.</subfield>
  </datafield>
  <datafield tag="260" ind1=" " ind2=" ">
   <subfield code="a">Αθήνα :</subfield>
   <subfield code="b">Σύνδεσμος Ελληνικών Ακαδημαϊκών Βιβλιοθηκών,</subfield>
   <subfield code="c">c2015.</subfield>
  </datafield>
  <datafield tag="490" ind1=" " ind2=" ">
   <subfield code="a">Ακαδημαϊκά Ηλεκτρονικά Συγγράμματα και Βοηθήματα Κάλλιπος</subfield>
   <subfield code="8">40</subfield>
  </datafield>
  <datafield tag="520" ind1=" " ind2=" ">
   <subfield code="a">Τα τελευταία χρόνια στη διεθνή και στην ελληνική βιβλιογραφία παρουσιάζεται αυξημένο ενδιαφέρον για την ποιοτική έρευνα και ευρύτατη διάδοση αποκτούν νέες προσεγγίσεις και ερευνητικές στρατηγικές. Η θεματολογία του βιβλίου αφορά βασικές αρχές και μεθόδους της ποιοτικής έρευνας, και τις εφαρμογές τους στο χώρο της ψυχολογίας και της εκπαίδευσης. Σκοπός του συγγράμματος αποτελεί η επαφή και εξοικείωση των φοιτητών/τριών με την ποιοτικές προσεγγίσεις, μεθόδους και τεχνικές ανάλυσης. Το εισαγωγικό κεφάλαιο περιλαμβάνει μια σύντομη ιστορική αναδρομή της ποιοτικής έρευνας στην ψυχολογία και την εκπαίδευση, και αναφέρεται στο θεωρητικό πλαίσιο, τις βασικές επιστημολογικές θέσεις και μεθοδολογικά ζητήματα όπως η εμπειρία και η αξιοπιστία της ποιοτικής έρευνας. Το δεύτερο κεφάλαιο αφορά στο σχεδιασμό της ποιοτικής έρευνας που περιλαμβάνει τα χαρακτηριστικά των ερευνητικών ερωτημάτων, τη δειγματοληψία, μεθόδους παραγωγής ερευνητικού υλικού και ζητήματα δεοντολογίας στην ποιοτική ερευνητική διαδικασία. Το τρίτο, τέταρτο και πέμπτο κεφάλαιο παρουσιάζουν διάφορες μεθόδους συλλογής ποιοτικών δεδομένων: ατομική ποιοτική συνέντευξη, ομαδικές συνεντεύξεις/ομάδες εστίασης και συμμετοχική παρατήρηση και εθνογραφία. Το έκτο κεφάλαιο αφορά διαδικασίες και μεθόδους ποιοτικής ανάλυσης και το έβδομο διαφορετικές προσεγγίσεις ποιοτικής ανάλυσης. Το όγδοο κεφάλαιο επικεντρώνεται στο τρόπο παρουσίασης της ποιοτικής έρευνας και το ένατο κεφάλαιο περιλαμβάνει σχετική βιβλιογραφία, προτεινόμενες πηγές για μελέτη, υπερσυνδέσεις σε σχετικά δημοσιευμένα άρθρα στο διαδίκτυο, και ένα γλωσσάρι όρων και εννοιών. Τα κεφάλαια περιλαμβάνουν 'πλαίσια', με παραδείγματα, πίνακες, υπερσυνδέσμους, διαδραστικές ασκήσεις, εικόνες, και άλλα νέα λειτουργικά χαρακτηριστικά. Στο τέλος κάθε κεφαλαίου υπάρχουν α. βασικοί όροι και έννοιες, 2. θέματα για σκέψη και συζήτηση, 3. ασκήσεις, 4. προτεινόμενες πηγές για περαιτέρω μελέτη.</subfield>
  </datafield>
  <datafield tag="650" ind1=" " ind2="0">
   <subfield code="a">Qualitative research</subfield>
   <subfield code="8">2720</subfield>
  </datafield>
  <datafield tag="650" ind1=" " ind2="0">
   <subfield code="a">Research</subfield>
   <subfield code="x">Methodology</subfield>
   <subfield code="8">2721</subfield>
  </datafield>
  <datafield tag="653" ind1=" " ind2=" ">
   <subfield code="a">Κοινωνική έρευνα</subfield>
  </datafield>
  <datafield tag="653" ind1=" " ind2=" ">
   <subfield code="a">Συμβουλευτική</subfield>
  </datafield>
  <datafield tag="653" ind1=" " ind2=" ">
   <subfield code="a">Εκπαίδευση</subfield>
  </datafield>
  <datafield tag="653" ind1=" " ind2=" ">
   <subfield code="a">Ψυχολογία</subfield>
  </datafield>
  <datafield tag="653" ind1=" " ind2=" ">
   <subfield code="a">Μεθοδολογία</subfield>
  </datafield>
  <datafield tag="653" ind1=" " ind2=" ">
   <subfield code="a">Ποιοτική έρευνα</subfield>
  </datafield>
  <datafield tag="653" ind1=" " ind2=" ">
   <subfield code="a">Κοινωνιολογία</subfield>
   <subfield code="a">Κοινωνική αλλαγή και οικονομική ανάπτυξη</subfield>
  </datafield>
  <datafield tag="653" ind1=" " ind2=" ">
   <subfield code="a">Εκπαίδευση και επιστήμες της αγωγής</subfield>
  </datafield>
  <datafield tag="700" ind1="1" ind2=" ">
   <subfield code="a">Πουρκός, Μάριος Α.</subfield>
   <subfield code="e">συγγραφέας</subfield>
  </datafield>
  <datafield tag="700" ind1="1" ind2=" ">
   <subfield code="a">Καλλινικάκη, Θεανώ</subfield>
   <subfield code="e">Κριτικός αναγνώστης</subfield>
   <subfield code="8">1730</subfield>
  </datafield>
  <datafield tag="856" ind1="4" ind2="0">
   <subfield code="u">http://hdl.handle.net/11419/5826</subfield>
   <subfield code="z">Πλήρες Κείμενο - Full text</subfield>
  </datafield>
  <datafield tag="907" ind1=" " ind2=" ">
   <subfield code="a">.b25677640</subfield>
   <subfield code="b">12-06-18</subfield>
   <subfield code="c">29-07-16</subfield>
  </datafield>
  <datafield tag="949" ind1=" " ind2=" ">
   <subfield code="0">0</subfield>
   <subfield code="1">0</subfield>
   <subfield code="2">ddc</subfield>
   <subfield code="4">0</subfield>
   <subfield code="6">001_420000000000000_ΙΣΑ</subfield>
   <subfield code="7">0</subfield>
   <subfield code="8">KALL</subfield>
   <subfield code="8">522</subfield>
   <subfield code="d">2016-04-13</subfield>
   <subfield code="r">2016-04-13</subfield>
   <subfield code="w">2016-04-13</subfield>
   <subfield code="z">001.42 ΙΣΑ</subfield>
   <subfield code="o">SEAB KALLIPOS</subfield>
  </datafield>
  <datafield tag="998" ind1=" " ind2=" ">
   <subfield code="a">80</subfield>
   <subfield code="a">01</subfield>
   <subfield code="a">02</subfield>
   <subfield code="a">03</subfield>
   <subfield code="a">04</subfield>
   <subfield code="a">05</subfield>
   <subfield code="a">06</subfield>
   <subfield code="a">07</subfield>
   <subfield code="a">08</subfield>
   <subfield code="a">09</subfield>
   <subfield code="a">10</subfield>
   <subfield code="a">11</subfield>
   <subfield code="a">12</subfield>
   <subfield code="a">13</subfield>
   <subfield code="a">14</subfield>
   <subfield code="a">15</subfield>
   <subfield code="a">16</subfield>
   <subfield code="a">17</subfield>
   <subfield code="a">18</subfield>
   <subfield code="a">19</subfield>
   <subfield code="a">20</subfield>
   <subfield code="a">21</subfield>
   <subfield code="a">22</subfield>
   <subfield code="a">23</subfield>
   <subfield code="a">24</subfield>
   <subfield code="a">25</subfield>
   <subfield code="a">26</subfield>
   <subfield code="b">10-05-17</subfield>
   <subfield code="c">m</subfield>
   <subfield code="d">z  </subfield>
   <subfield code="e">-</subfield>
   <subfield code="f">gre</subfield>
   <subfield code="g">gr </subfield>
   <subfield code="h">0</subfield>
  </datafield>
  <datafield tag="942" ind1=" " ind2=" ">
   <subfield code="2">ddc</subfield>
   <subfield code="c">KALLIPOS</subfield>
  </datafield>
 </record>
</collection>
